|
|
|
|
| LEADER |
01207nam a22003137a 4500 |
| 001 |
41064 |
| 003 |
BD-DhAAL |
| 008 |
230412t1959 nyu||||| |||| 00| 0 eng d |
| 020 |
|
|
|a 9780451523730
|
| 020 |
|
|
|a 0451523733
|
| 040 |
|
|
|a BD-DhAAL
|c BD-DhAAL
|
| 082 |
0 |
0 |
|a 813.4
|
| 100 |
1 |
|
|a Twain, Mark,
|d 1835-1910.
|
| 245 |
1 |
4 |
|a Adventures of Huckleberry Finn :
|b "Tom Sawyer's comrade" /
|c Mark Twain.
|
| 260 |
|
|
|a New York :
|b Signet Classic,
|b c1959.
|
| 300 |
|
|
|a 288 pages ;
|c 20 cm.
|
| 541 |
|
|
|a Donated By Akbar Ali Khan
|e 41064
|
| 650 |
|
0 |
|a Sawyer, Tom (Fictitious character)
|v Fiction.
|9 15829
|
| 650 |
|
0 |
|a Finn, Huckleberry (Fictitious character)
|v Fiction.
|9 6857
|
| 650 |
|
0 |
|a Runaway children
|v Fiction.
|9 6858
|
| 650 |
|
0 |
|a Child witnesses
|v Fiction.
|9 54047
|
| 650 |
|
0 |
|a Male friendship
|v Fiction.
|
| 650 |
|
0 |
|a Boys
|v Fiction.
|
| 651 |
|
0 |
|a Mississippi River Valley
|v Fiction.
|9 54048
|
| 651 |
|
0 |
|a Missouri
|v Fiction.
|9 6862
|
| 852 |
4 |
|
|a Ayesha Abed Library
|c Akbar Ali Khan Collection
|
| 942 |
|
|
|2 ddc
|c BK
|
| 999 |
|
|
|c 45670
|d 45670
|
| 952 |
|
|
|0 0
|1 0
|2 ddc
|4 0
|6 813_400000000000000_TWA
|7 1
|9 73541
|a BRACUL
|b BRACUL
|c AAKC
|d 2023-04-12
|e Donated By Akbar Ali Khan
|l 0
|o 813.4 TWA
|p 3010041064
|r 2023-04-12
|t 1
|w 2023-04-12
|y BK
|